Transaction costs in the export price

V podmienkach globalizácie tvorí doprava priame transakčné náklady. Transakčné náklady, ktoré sú limitujúcou požiadavkou ceny za dodanie tovaru. Výpočet nepriamych nákladov, ovplyvňujúcich konečnú cenu tovaru.

Uložené v:
Podrobná bibliografia
Hlavný autor: Hansenová, Heda
Ďalší autori: Cempírek, Václav
Médium: Kapitola
Jazyk:Czech
Predmet:
Tagy: Pridať tag
Žiadne tagy, Buďte prvý, kto otaguje tento záznam!

MARC

LEADER 00000naa$a2200000$$$4500
001 0193981
005 20240502083450.4
041 0 |a cze 
044 |a CZ 
245 1 0 |a Transaction costs in the export price  |c Heda Hansenová, Václav Cempírek 
520 |a V podmienkach globalizácie tvorí doprava priame transakčné náklady. Transakčné náklady, ktoré sú limitujúcou požiadavkou ceny za dodanie tovaru. Výpočet nepriamych nákladov, ovplyvňujúcich konečnú cenu tovaru. 
610 2 0 |a náklady a ceny 
610 2 0 |a náklady transakčné 
610 2 0 |a náklady priame 
610 2 0 |a náklady nepriame 
610 2 0 |a kalkulácia nákladov 
610 2 0 |a doprava 
610 2 0 |a tovar 
100 1 |a Hansenová, Heda 
700 1 |a Cempírek, Václav